000 01029nam a2200265 a 4500
001 000015088
005 20200929163944.0
008 100201s2009 dr a r 000 0 spa d
020 _a9789993458661
040 _aDO-SdBNP
_bspa
_cBNPHU
082 _a791.450232
_bR175p
100 1 _aRamos, Víctor,
_d1960-
_934165
245 1 0 _aProducción y técnicas de televisión /
_cVíctor Ramos, Jesús Reyes Mota.
260 _aSanto Domingo :
_bCentenario,
_c2009.
300 _a257 p. :
_bil., gráfcs. tablas ;
_c23 cm.
500 _aIncluye datos biográficos de los autores en las solapas de la cubierta.
504 _aBibliografía : p. 255-257.
590 _aInventariado, 2018/BT
650 4 _aTelevisión
_xHistoria
_zRepública Dominicana
_934166
650 4 _aAutoría en televisión
_934167
650 4 _aIndustrias de los medios de comunicación de masas
_934168
650 4 _aTeledifusión
_xHistoria
_zRepública Dominicana
_934169
700 1 _aReyes Mota, Jesús
_934170
910 _aValidado. Control de calidad. EMS
999 _c14660
_d14660